Concern over government GM plans (Record no. 117093)
[ view plain ]
| 000 -LEADER | |
|---|---|
| fixed length control field | 01101cam a2200229 4500 |
| 001 - CONTROL NUMBER | |
| control field | WB4010-17 |
| 008 - FIXED-LENGTH DATA ELEMENTS--GENERAL INFORMATION | |
| fixed length control field | 040311n2004 000 0 eng u |
| 035 ## - SYSTEM CONTROL NUMBER | |
| System control number | (Sirsi) u125400 |
| 245 ## - TITLE STATEMENT | |
| Title | Concern over government GM plans |
| 260 ## - PUBLICATION, DISTRIBUTION, ETC. | |
| Date of publication, distribution, etc. | 2004 |
| 490 ## - SERIES STATEMENT | |
| Series statement | RICS Press Release |
| Volume/sequential designation | 9 March 2004, (2) |
| 520 ## - SUMMARY, ETC. | |
| Summary, etc. | RICS has expressed concern at the latest DEFRA announcement concerning the processing of GM maize crops into animal feed. RICS stressed the need for an accurate system of recording the location of GM crops as outlined in its report "Setting up a genetically modified organism land register". Such a register would also ensure that consumers would have genuine choice whether or not to buy GM foods. http://www.rics.org/ricscms/bin/show?class=PressRe lease&template=/includes/showpr.html&id=1137&facul ty=RICS. |
| 590 ## - LOCAL NOTE (RLIN) | |
| Local note | WB |
| 590 ## - LOCAL NOTE (RLIN) | |
| Local note | WB |
| 650 ## - SUBJECT ADDED ENTRY--TOPICAL TERM | |
| Topical term or geographic name entry element | GENETICALLY MODIFIED CROPS |
| 650 ## - SUBJECT ADDED ENTRY--TOPICAL TERM | |
| Topical term or geographic name entry element | GENETICALLY MODIFIED FOODS |
| 650 ## - SUBJECT ADDED ENTRY--TOPICAL TERM | |
| Topical term or geographic name entry element | MAIZE |
| 650 ## - SUBJECT ADDED ENTRY--TOPICAL TERM | |
| Topical term or geographic name entry element | GENETICALLY MODIFIED TRIALS |
| 650 ## - SUBJECT ADDED ENTRY--TOPICAL TERM | |
| Topical term or geographic name entry element | LAND MANAGEMENT |
| 690 ## - LOCAL SUBJECT ADDED ENTRY--TOPICAL TERM (OCLC, RLIN) | |
| Topical term or geographic name as entry element | RURAL-AGRICULTURE AND FORESTRY |
| 942 ## - ADDED ENTRY ELEMENTS (KOHA) | |
| Suppress in OPAC | 0 |
| Withdrawn status | Lost status | Source of classification or shelving scheme | Damaged status | Not for loan | Home library | Current library | Shelving location | Date acquired | Total Checkouts | Full call number | Barcode | Date last seen | Copy number | Price effective from | Koha item type |
|---|---|---|---|---|---|---|---|---|---|---|---|---|---|---|---|
| Dewey Decimal Classification | London | London | News article | 11/03/2004 | WB4010-17 | 125400-1001 | 06/08/2019 | 1 | 06/08/2019 | News article |